000
00287nam a2200097 4500
008
240223b |||||||| |||| 00| 0 eng d
245
_a
Ethnic studies report-Vol. v no. 1 (January 1987)
260
_b
International centre for ethnic studies,
_c
1987
650
_a
ETHNIC STUDIES
942
_c
CR
999
_c
4802
_d
4802